[Event "Oberliga Bayern 9900"]
[Site "Bayern"]
[Date "2000.03.26"]
[Round "8.4"]
[White "Kaiser, Wolfgang"]
[Black "Delitzsch, Juergen"]
[Result "1/2-1/2"]
[WhiteElo "2243"]
[BlackElo "2165"]
[PlyCount "42"]
[EventDate "1999.10.10"]
[EventType "team-tourn"]
[EventRounds "9"]
[EventCountry "GER"]
[SourceTitle "EXT 2020"]
[Source "ChessBase"]
[SourceDate "2019.10.17"]
[SourceVersion "1"]
[SourceVersionDate "2019.10.17"]
[SourceQuality "1"]
[WhiteTeam "Passau II"]
[BlackTeam "Bindlach"]
[WhiteTeamCountry "GER"]
[BlackTeamCountry "GER"]

1. Nf3 Nf6 2. g3 g6 3. b3 Bg7 4. Bb2 0-0 5. Bg2 d6 6. c4 e5 7. d3 Nc6 8. Nc3 Bd7 9. Qd2 a6 10. 0-0 Nh5 11. e3 f5 12. d4 e4 13. Ne1 Re8 14. Nc2 Nf6 15. f3 exf3 16. Bxf3 Rb8 17. Qg2 Qc8 18. Rfe1 Nd8 19. e4 fxe4 20. Nxe4 Nxe4 21. Bxe4 Ne6 1/2-1/2

[Event "Oberliga Bayern 9900"]
[Site "Bayern"]
[Date "2000.01.30"]
[Round "5.4"]
[White "Lickleder, Andreas"]
[Black "Kaiser, Wolfgang"]
[Result "1-0"]
[WhiteElo "2160"]
[BlackElo "2243"]
[PlyCount "119"]
[EventDate "1999.10.10"]
[EventType "team-tourn"]
[EventRounds "9"]
[EventCountry "GER"]
[SourceTitle "EXT 2020"]
[Source "ChessBase"]
[SourceDate "2019.10.17"]
[SourceVersion "1"]
[SourceVersionDate "2019.10.17"]
[SourceQuality "1"]
[WhiteTeam "Schwabing SG Nord"]
[BlackTeam "Passau II"]
[WhiteTeamCountry "GER"]
[BlackTeamCountry "GER"]

1. e4 c5 2. Nf3 d6 3. d4 cxd4 4. Nxd4 Nf6 5. Nc3 g6 6. f4 Nbd7 7. Be2 a6 8. 0-0 Bg7 9. Be3 Nb6 10. a4 d5 11. e5 Ne4 12. Nxe4 dxe4 13. c4 0-0 14. Qc2 Nd7 15. Qxe4 Nc5 16. Qc2 f6 17. exf6 Bxf6 18. Rad1 Qb6 19. Bf3 Qb4 20. b3 Kh8 21. Qf2 Ne6 22. Qd2 Qxd2 23. Rxd2 Rb8 24. a5 Ng7 25. Be4 Nf5 26. Nxf5 Bxf5 27. Bxf5 gxf5 28. Bb6 Rg8 29. Re1 Rg4 30. g3 h5 31. Bd4 h4 32. Bxf6+ exf6 33. Kf2 b6 34. axb6 hxg3+ 35. hxg3 Rxb6 36. Re3 Rg7 37. Rd5 Rgb7 38. Rxf5 Kg7 39. Ra5 Rxb3 40. Rxb3 Rxb3 41. Rxa6 Rc3 42. Rc6 f5 43. Kg2 Rc1 44. Rc8 Kf7 45. c5 Ke7 46. c6 Kd6 47. Kh2 Rc2+ 48. Kh3 Rc1 49. Kh4 Rh1+ 50. Kg5 Rg1 51. Kxf5 Rxg3 52. Kf6 Rg1 53. f5 Rg2 54. Kf7 Rg1 55. f6 Rf1 56. Kg7 Rg1+ 57. Kf8 Rf1 58. f7 Rg1 59. Rd8+ Kc7 60. Rd4 1-0

[Event "Donau op-A 08th"]
[Site "Aschach"]
[Date "1999.12.29"]
[Round "5"]
[White "Knoll, Hermann"]
[Black "Kaiser, Wolfgang"]
[Result "1/2-1/2"]
[WhiteElo "2318"]
[BlackElo "2385"]
[PlyCount "26"]
[EventDate "1999.12.26"]
[EventType "swiss"]
[EventRounds "7"]
[EventCountry "AUT"]
[SourceTitle "CBM 073 Extra"]
[Source "ChessBase"]
[SourceDate "2000.01.11"]
[SourceVersion "1"]
[SourceVersionDate "2000.01.11"]
[SourceQuality "1"]

1. e4 c5 2. c3 d6 3. d4 Nf6 4. f3 Nbd7 5. Be3 e6 6. Bd3 Be7 7. Ne2 0-0 8. 0-0 b6 9. a4 a6 10. Na3 Bb7 11. Qd2 d5 12. e5 Ne8 13. f4 f5 1/2-1/2

[Event "Oberliga Bayern 9900"]
[Site "Bayern"]
[Date "1999.12.12"]
[Round "3.5"]
[White "Kaiser, Wolfgang"]
[Black "Geberl, Hans Walter"]
[Result "1/2-1/2"]
[WhiteElo "2243"]
[BlackElo "2122"]
[PlyCount "47"]
[EventDate "1999.10.10"]
[EventType "team-tourn"]
[EventRounds "9"]
[EventCountry "GER"]
[SourceTitle "EXT 2020"]
[Source "ChessBase"]
[SourceDate "2019.10.17"]
[SourceVersion "1"]
[SourceVersionDate "2019.10.17"]
[SourceQuality "1"]
[WhiteTeam "Passau II"]
[BlackTeam "Ingolstadt"]
[WhiteTeamCountry "GER"]
[BlackTeamCountry "GER"]

1. Nf3 Nf6 2. g3 d5 3. Bg2 e6 4. 0-0 Be7 5. d3 c5 6. Nbd2 Nc6 7. e4 b6 8. Re1 Bb7 9. e5 Nd7 10. Nf1 Qc7 11. Bf4 h6 12. h4 g5 13. hxg5 hxg5 14. Nxg5 Ncxe5 15. Nh2 Bxg5 16. Bxg5 d4 17. Re4 f5 18. Rh4 Kf7 19. Bxb7 Qxb7 20. f4 Ng6 21. Rxh8 Rxh8 22. Qf3 Qxf3 23. Nxf3 Nf6 24. Bxf6 1/2-1/2